Poznámky k niektorým základným pojmom používaným vo forenznej psychiatrii

Bibliographic Details
Main Authors: Breier, Š. (Author), Pogády, Jozef, 1924-2004 (Author), Wiedermann, Vladimír (Author)
Format: Article
Language:Slovak

MARC

LEADER 00000nab a2200000 a 4500
001 vtls010739130
003 SK-MaSNL
005 20260304192652.0
008 250709s1995 xo |||||||||||||||||slo|
035 |a (urnnbn)urn:nbn:sk:snk:ar-a05o34 
035 |a (uuid)2b22bda5-9ed7-42f3-aff0-0a5d4169931f 
035 |a urn:nbn:sk:snk-ab3zwx 
040 |a SNKBUCL  |b slo  |c SNKBUCL  |e AACR2 
041 0 |a slo 
044 |a xo  |c SK 
100 1 |a Breier, Š.  |4 aut  |9 944697 
245 1 0 |a Poznámky k niektorým základným pojmom používaným vo forenznej psychiatrii  |c Š. Breier, J. Pogády, V. Wiedermann 
700 1 |a Pogády, Jozef,  |d 1924-2004  |4 aut  |9 142592 
700 1 |a Wiedermann, Vladimír  |4 aut  |9 822537 
773 0 |t Psychiatria : časopis psychiatrov na Slovensku  |g Roč. 2, č. 4 (1995), s. 194-196 
850 |a Slovenská národná knižnica 
852 |a Slovenská národná knižnica 
954 |a odborná, vedecká literatúra pôvodná (slovenská)  |2 lita 
958 |a article1 
958 |a OND 
958 |a EUIPO 
999 |c 3063713  |d 3065643